000 00411nam a22001697a 4500
003 MPLRDC
005 20220104124959.0
008 210129b ||||| |||| 00| 0 eng d
082 _a857.9 YW-14 v.1 c.2
100 _a忆文
245 _a胭脂宝盒. 上
_c
260 _a
_b毅力出版社
_c
300 _b
490 _a忆文武侠专辑
650 _a武侠小说
942 _cBK
_o857.9 YW-14 v.1 c.2
999 _c23682
_d23672